000
00261nam a2200097Ia 4500
001
1211706
005
20250827024441.0
008
250824s9999 xx 000 0 und d
245
0
_a
TÜRKÜN ATEŞLE İMTİHANI
_c
HALİDE EDİB ADIVAR
260
_b
ÖZGÜR YAYINLARI
999
_c
1211706
_d
1211706